| 000 | 00770nam a22002415a 4500 | ||
|---|---|---|---|
| 003 | OSt | ||
| 005 | 20180106131407.0 | ||
| 008 | 180106s2004 ua a frb 000 0 ara d | ||
| 017 | _a2004 / 1837 | ||
| 020 | _a9770443999 | ||
| 040 |
_aEG-ScBUE _bara _cEG-ScBUE |
||
| 082 | 0 | 4 |
_a658.8 _bع ط ي _222 |
| 100 | 1 |
_aعطية، طاهر مرسي. _913672 |
|
| 245 | 1 | 0 |
_aأساسيات التسويق الحديث / _cطاهر مرسي عطية. |
| 250 | _aط. 14. | ||
| 260 |
_a[د. م. : _bد. ن.]، _c2004 _e(عابدين، مصر : _fالنسر الذهبي) |
||
| 300 |
_a497 ص. : _bإيض. ؛ _c24 سم. |
||
| 650 | 7 |
_aالتسويق. _2BUEsh |
|
| 650 | 7 |
_aإدارة التسويق. _2BUEsh _921566 |
|
| 651 | _2BUEsh | ||
| 653 |
_bBUSADM _cJanuary2018 |
||
| 942 | _2ddc | ||
| 999 |
_c25878 _d25850 |
||